UM Logo
Normal view MARC view
  • Business.

Entry Topical Term

Number of records used in: 1

001 - CONTROL NUMBER

  • control field: 46722

003 - CONTROL NUMBER IDENTIFIER

  • control field: OSt

005 - DATE AND TIME OF LATEST TRANSACTION

  • control field: 20221108151921.0

008 - FIXED-LENGTH DATA ELEMENTS

  • fixed length control field: 221108|| aca||aabn | a|a d

040 ## - CATALOGING SOURCE

  • Original cataloging agency: OSt
  • Transcribing agency: OSt

150 ## - HEADING--TOPICAL TERM

  • Topical term or geographic name entry element: Business.

670 ## - SOURCE DATA FOUND

  • Source citation: Work cat.: (OSt): Lucas, Daxim L. 46721, PH ends 2019 with all-time high forex reserves of $87.8 B /, January 8, 2020.